明日方舟所有二/三星干员 All 2/3-star operators of Arknights - Statistics

General Stats
  • This quiz has been taken 28 times
  • The average score is 19 of 22
Answer Stats
星数 职业 % Correct
3 医疗 芙蓉
96%
2 狙击 巡林者
96%
3 先锋
91%
3 近卫 玫兰莎
91%
3 医疗 安塞尔
91%
3 重装 斑点
91%
2 先锋 夜刀
91%
2 重装 黑角
91%
2 术师 杜林
91%
3 重装 米格鲁
87%
3 狙击 克洛丝
87%
3 辅助 梓兰
87%
3 狙击 空爆
87%
3 先锋 香草
83%
3 狙击 安德切尔
83%
3 术师 炎熔
83%
3 术师 史都华德
83%
3 先锋 翎羽
78%
3 近卫 泡普卡
78%
2 术师 12F
78%
3 重装 卡缇
74%
3 近卫 月见夜
74%
No matching quizzes found
Score Distribution
Percent of People with Each Score
Percentile by Number Answered
Your Score History
You have not taken this quiz